Classical electromagnetic radiation

Guardat en:
Dades bibliogràfiques
Autor principal: Heald, Mark A (Autor)
Altres autors: Marion, Jerry B. (autor)
Format: Llibre
Idioma:anglès
Publicat: Nueva York Dover Publications 1995
Edició:3a. ed
Matèries:
Etiquetes: Afegir etiqueta
Sense etiquetes, Sigues el primer a etiquetar aquest registre!

MARC

LEADER 00000cam a2200000 a 4500
001 UCC0188
003 CL-VaPUC
008 170721e19950000us |||||||||||||||||eng|d
020 |a 9780486490601 
020 |a 0486490602 
082 0 4 |a 539.2  |b HEA  |2 21 
100 0 |a Heald, Mark A  |e author  |9 594096 
700 |a Marion, Jerry B.  |e autor  |9 594097 
245 1 0 |a Classical electromagnetic radiation 
250 |a 3a. ed 
300 |a 569 p 
942 |c BK 
945 |d 20170721 23:47:00  |a arojas 
260 |a Nueva York  |b Dover Publications  |c 1995 
650 0 |a Electromagnetismo   |9 260123 
650 7 |a RADIACION ELECTROMAGNETICA  |2 CL-VaPUC  |9 345469 
650 0 |a Ondas de radio  |9 263255 
650 0 |a Series de Fourier  |9 260465 
583 |a last modification  |c 20170721 23:47:00  |k Rodrigo Vera 
999 |c 369095  |d 369093 
952 |0 0  |1 0  |3 erb  |4 0  |6 539_200000000000000_HEA_1995  |7 0  |8 A  |9 484645  |a BIBCUR  |b BIBCUR  |i 5409209  |o 539.2 HEA 1995  |p 5409209  |r 2025-04-22  |w 2019-11-24  |y BK  |z Catalogado en:20170721  |k FIS 
952 |0 0  |1 0  |3 erb  |4 0  |6 539_200000000000000_HEA_1995  |7 0  |8 A  |9 484646  |a BIBCUR  |b BIBCUR  |i 5409217  |o 539.2 HEA 1995  |p 5409217  |r 2025-04-22  |w 2019-11-24  |y BK  |z Catalogado en:20170721  |k FIS 
952 |0 0  |1 0  |3 erb  |4 0  |6 539_200000000000000_HEA_1995  |7 0  |8 A  |9 484647  |a BIBCUR  |b BIBCUR  |i 5409225  |o 539.2 HEA 1995  |p 5409225  |r 2025-04-22  |w 2019-11-24  |y BK  |z Catalogado en:20170721  |k FIS